000
00230 a2200097 4500
090
_c
1701
_d
1701
100
_a
Brig (R) Mumtaz Hussain
245
_a
Let Us Have Mercy on Pakistan
260
_a
Paiistan
942
_a
NBS
_c
BK
_k
954.9 HUS
999
_c
344216
_d
344216